000 01928nam0a2200433 4500
001 RU\NLR\bibl\123424
005 20250617101835.0
010 _a5-88994-023-6
_9300
021 _aRU
_b2000-32642
_91528
035 _a(NLR Aleph) 000120881
090 _a688350
_c688350
100 _a20001012d1999 |||y0rusy50 ca
101 0 _arus
_deng
102 _aRU
105 _aa |||||||||
200 1 _aДонные осадки Арктических морей России
_dThe bottom sediments of the Russia Arctic seas
_fВ.А. Кошелева, Д.С. Яшин
_gПод ред. акад. И.С. Грамберга
_gМ-во природ. ресурсов Рос. Федерации, ВНИИ геологии и минер. ресурсов Мирового океана
_zeng
210 _aСПб.
_cВНИИОкеанология
_d1999
215 _a286 с.,[1] л. карт.
_cил., карт.
_d29
300 _aАвт. также на англ. яз.: V.A. Kosheleva, D.S. Yashin
300 _aРез. на англ. яз.
320 _aБиблиогр.: с. 270-286
510 0 _aThe bottom sediments of the Russia Arctic seas
_zeng
606 0 _aДонные отложения
_yАрктический бассейн
_91010484
_3RU\NLR\auth\6666926
610 0 _aМорские осадки
610 0 _aАрктические моря Российской Федерации, геология моря
675 _a551.35(268)
_v3
_zrus
686 _a38.45
_2rugasnti
686 _a26.38
_2rubbk
686 _aД542.9(91)
700 1 _aКошелева
_bВ. А.
_gВера Алексеевна
_4070
701 1 _aЯшин
_bД. С.
_gДмитрий Семенович
_4070
801 0 _aRU
_bRKP
_c20001012
_gPSBO
801 1 _aRU
_bRKP
_c20001012
801 2 _aRU
_bNLR
_c20001227
_grcr
830 _aАвт. по кн.
852 _aNLR
_j2000-8/1856
942 _cBOOK
980 _aNB